header

Fluoride in drinking-water (Record no. 132656)

MARC details
000 -LEADER
fixed length control field 01444nam a2200385 a 4500
245 00 - TITLE STATEMENT
Title Fluoride in drinking-water
260 ## - PUBLICATION, DISTRIBUTION, ETC. (IMPRINT)
Place of publication London ;
-- Seattle :
Name of publisher IWA Pub.,
Year of publication 2006.
300 ## - PHYSICAL DESCRIPTION
Number of Pages 134 p. :
Other physical details ill.
490 1# - SERIES STATEMENT
Series statement WHO drinking water quality series
650 #0 - SUBJECT ADDED ENTRY--TOPICAL TERM
Topical Term Water
Topical Term Drinking water
Topical Term Fluorides
700 1# - ADDED ENTRY--PERSONAL NAME
Personal name Fawell, J. K.
Personal name Bailey, Kenneth.
856 40 - ELECTRONIC LOCATION AND ACCESS
Uniform Resource Identifier http://site.ebrary.com/lib/rucke/Doc?id=10161469

No items available.

© 2026 Rongo University
Contact us: librarian | system librarian | Rongo university